Pharmaceutical analysis : (Record no. 4110)
[ view plain ]
| 000 -LEADER | |
|---|---|
| fixed length control field | 00795nam a22002412 4500 |
| 001 - CONTROL NUMBER | |
| control field | 0000020418 |
| 005 - DATE AND TIME OF LATEST TRANSACTION | |
| control field | 20151217145924.0 |
| 008 - FIXED-LENGTH DATA ELEMENTS--GENERAL INFORMATION | |
| fixed length control field | 110916s xx 000 0 eng d |
| 020 ## - INTERNATIONAL STANDARD BOOK NUMBER | |
| International Standard Book Number | 0443074455 : |
| 040 ## - CATALOGING SOURCE | |
| Original cataloging agency | KABU |
| Transcribing agency | KABU |
| 100 1# - MAIN ENTRY--PERSONAL NAME | |
| Personal name | Watson, David G. |
| -- | 0000180669 |
| 245 10 - TITLE STATEMENT | |
| Title | Pharmaceutical analysis : |
| Remainder of title | a textbook for pharmacy students and pharmaceutical chemists / |
| Statement of responsibility, etc. | David G. Watson. |
| 250 ## - EDITION STATEMENT | |
| Edition statement | 2nd ed. |
| 260 ## - PUBLICATION, DISTRIBUTION, ETC. (IMPRINT) | |
| Place of publication, distribution, etc. | London : |
| Name of publisher, distributor, etc. | Elsevier, |
| Date of publication, distribution, etc. | 2005. |
| 300 ## - PHYSICAL DESCRIPTION | |
| Extent | xiii, 371 p. |
| 650 #0 - SUBJECT ADDED ENTRY--TOPICAL TERM | |
| Topical term or geographic name as entry element | Drugs |
| General subdivision | Anaysis. |
| -- | 0000180308 |
| 650 #0 - SUBJECT ADDED ENTRY--TOPICAL TERM | |
| Topical term or geographic name as entry element | Pharmaceutical preparation |
| General subdivision | Analysis. |
| -- | 0000180670 |
| 650 #0 - SUBJECT ADDED ENTRY--TOPICAL TERM | |
| Topical term or geographic name as entry element | Spectrum. |
| General subdivision | Analysis. |
| -- | 0000180671 |
| 650 #0 - SUBJECT ADDED ENTRY--TOPICAL TERM | |
| Topical term or geographic name as entry element | Chromatography. |
| -- | 0000180672 |
| 852 1# - LOCATION | |
| -- | p5870 KES |
| 908 ## - PUT COMMAND PARAMETER (RLIN) | |
| Put command parameter | 110916 |
| 950 ## - LOCAL HOLDINGS (RLIN) | |
| -- | 1 |
| Withdrawn status | Lost status | Source of classification or shelving scheme | Not for loan | Home library | Current library | Date acquired | Total Checkouts | Total Renewals | Full call number | Barcode | Date last seen | Date last checked out | Price effective from | Koha item type |
|---|---|---|---|---|---|---|---|---|---|---|---|---|---|---|
| Library of Congress Classification | Kabarak, Main Campus | Kabarak, Main Campus | 17/12/2015 | 7 | 1 | RS189 .W38 2005 c. 1 | 21589 | 05/03/2026 | 14/06/2022 | 17/12/2015 | General Collection |